| 000 | 00715nam a22001937a 4500 | ||
|---|---|---|---|
| 005 | 20130826165557.0 | ||
| 010 | _aB-523591-603 | ||
| 020 |
_a9788184770872 _c99.00 |
||
| 035 | _aB-523591-603 | ||
| 037 |
_adpl _bKKP/VEN |
||
| 082 | _a882 | ||
| 100 | _aChakraborti, Siddhartha | ||
| 245 |
_a William Shakespeare: _bOthella/ _cby Siddhartha Chakraborti |
||
| 260 |
_aUSA _bScholastic India Pvt.Ltd. _c2012 |
||
| 270 |
_aGolf view Corporate Tower-A,3rd floor,dlf phase-v _bGurgaon _e122002 |
||
| 300 |
_a63p. _c16cm.(pbk) |
||
| 942 |
_2ddc _cCH _mCHA _h882 |
||
| 999 |
_c78290 _d78290 |
||